| 000 | 00620nam a2200229Ia 4500 | ||
|---|---|---|---|
| 005 | 20241129104126.0 | ||
| 008 | 241129s9999||||xx |||||||||||||| ||und|| | ||
| 020 | _a9781352012538 | ||
| 037 | _aTextual | ||
| 040 |
_aRTL _beng _cRTL |
||
| 041 |
_aeng _2eng |
||
| 084 |
_aX:8 R2 _qRTL |
||
| 100 |
_aHayes John _9128089 |
||
| 245 | 0 |
_aTheory and practice of change management _cHayes John |
|
| 250 | _a6th | ||
| 260 |
_aLondon _bRed Globe Press _c2022 |
||
| 300 | _axxxii,456p. | ||
| 365 |
_aINR _b5735.47 |
||
| 650 |
_aChange Management _9724881 |
||
| 942 |
_cTB _hX:8 R2 |
||
| 999 |
_c1224527 _d1224527 |
||